Normal view
MARC view
Entry Personal Name
001 - CONTROL NUMBER
- control field: 5797
003 - CONTROL NUMBER IDENTIFIER
- control field: BD-RjUL
005 - DATE AND TIME OF LATEST TRANSACTION
- control field: 20221110162924.0
008 - FIXED-LENGTH DATA ELEMENTS
- fixed length control field: 221110|| aca||aabn | a|a d
040 ## - CATALOGING SOURCE
- Original cataloging agency: BD-RjUL
- Transcribing agency: BD-RjUL
100 ## - HEADING--PERSONAL NAME
- Personal name: Alam, M. Shahidul Supervisor (s)
670 ## - SOURCE DATA FOUND
- Source citation: Work cat.: (BD-RjUL)80754: Ali, Md. Forman 5795, A Study on black band disease of jute in the northern part of Bangladesh /, 2003